[Event "C.to Provinciale CO"]
[Site "Como ITA"]
[Date "2006.02.19"]
[Round "5"]
[White "Mason, Giovanni"]
[Black "Grassetto, Gilberto"]
[Result "0-1"]
[WhiteElo "1541"]
[BlackElo "1760"]
[PlyCount "118"]
[EventDate "2006.02.11"]

1. e4 c5 2. Nf3 d6 3. d4 cxd4 4. Nxd4 Nf6 5. Nc3 a6 6. Bg5 e6 7. Bd3 Nbd7 8.
Qd2 Qb6 9. Nb3 Qc7 10. f4 b5 11. a3 Bb7 12. Qe2 Be7 13. h4 h6 14. Bxf6 Bxf6 15.
Nd1 Nc5 16. Nd4 Na4 17. Rb1 Nb6 18. Nf3 d5 19. e5 Be7 20. c3 O-O-O 21. Nd4 g5
22. f5 exf5 23. Bxf5+ Kb8 24. h5 Nc4 25. e6 fxe6 26. Nxe6 Qg3+ 27. Qf2 Qe5+ 28.
Kf1 Nd2+ 29. Kg1 Nxb1 30. Rh3 Nd2 31. Re3 Ne4 32. Qf3 Rdf8 33. g4 Rf6 34. Nd4
Bc5 35. Rd3 Rff8 36. Ne3 Qg3+ 37. Qxg3+ Nxg3 38. Kg2 Nxf5 39. gxf5 Ba7 40. Kg3
Rd8 41. Ng4 Rd6 42. f6 Bc8 43. f7 Rf8 44. Rf3 Kb7 45. Ne5 Bb8 46. Kg2 Rdd8 47.
Ng6 Bg4 48. Rf1 Bf4 49. Nxf4 gxf4 50. Rxf4 Bc8 51. b4 Rd6 52. Kf3 Kc7 53. Ke3
Be6 54. Nf5 Bxf5 55. Rxf5 Kd7 56. Kd4 Ke7 57. Kc5 Rf6 58. Re5+ Kxf7 59. Kxd5
Rc8 0-1

[Event "C.to Provinciale CO"]
[Site "Como ITA"]
[Date "2006.02.19"]
[Round "5"]
[White "Pede, Lucio"]
[Black "Revinelli, Sergio"]
[Result "0-1"]
[WhiteElo "1715"]
[BlackElo "1841"]
[PlyCount "72"]
[EventDate "2006.02.11"]

1. e4 e5 2. Nf3 Nc6 3. Bc4 Nf6 4. d3 Bc5 5. h3 h6 6. Nc3 d6 7. Be3 Bb6 8. Qd2
Na5 9. Bb3 Nxb3 10. axb3 Be6 11. O-O Bxe3 12. Qxe3 a6 13. d4 exd4 14. Nxd4 O-O
15. Nxe6 fxe6 16. e5 Nd5 17. Nxd5 exd5 18. Rad1 c6 19. exd6 Qxd6 20. Rfe1 Qg6
21. Qe6+ Qxe6 22. Rxe6 Rfe8 23. Rde1 Kf7 24. Rxe8 Rxe8 25. Rxe8 Kxe8 26. f4 c5
27. Kf2 Ke7 28. Ke3 Ke6 29. g4 b5 30. h4 g6 31. b4 cxb4 32. Kd4 Kd6 33. f5 gxf5
34. gxf5 a5 35. f6 a4 36. f7 Ke7 0-1

[Event "C.to Provinciale CO"]
[Site "Como ITA"]
[Date "2006.02.19"]
[Round "5"]
[White "Raineri, Pieroberto"]
[Black "Zuccoli, Maurizio"]
[Result "0-1"]
[WhiteElo "1568"]
[BlackElo "1721"]
[PlyCount "94"]
[EventDate "2006.02.11"]

1. Nf3 d5 2. d4 Nf6 3. c4 e6 4. Nc3 Be7 5. Bg5 Nbd7 6. e3 O-O 7. Rc1 c6 8. Bd3
Re8 9. cxd5 exd5 10. O-O Ne4 11. Bf4 Ndf6 12. h3 Bf5 13. Ne5 Nxc3 14. Rxc3 Bxd3
15. Rxd3 Bd6 16. Bg5 Bxe5 17. dxe5 Rxe5 18. f4 Re4 19. Qb3 Qe7 20. Bxf6 gxf6
21. Rf3 Re8 22. Rg3+ Kh8 23. Qc3 Rc4 24. Qb3 b5 25. Qd1 Qe6 26. Ra3 Qd7 27. Qg4
Qxg4 28. Rxg4 Ra4 29. Rxa4 bxa4 30. f5 Re4 31. Rxe4 dxe4 32. g4 Kg7 33. h4 Kf8
34. Kf2 Ke7 35. Kg3 Kd6 36. Kf4 Kd5 37. g5 fxg5+ 38. Kxg5 Ke5 39. h5 c5 40. Kh6
Kxf5 41. Kxh7 c4 42. h6 a3 43. bxa3 c3 44. Kg7 c2 45. h7 c1=Q 46. h8=Q Qc3+ 47.
Kh6 Qxh8# 0-1

[Event "C.to Provinciale CO"]
[Site "Como ITA"]
[Date "2006.02.19"]
[Round "5"]
[White "Rossi, Giampiero"]
[Black "Crippa, Gabriele"]
[Result "1-0"]
[WhiteElo "2012"]
[BlackElo "2082"]
[PlyCount "87"]
[EventDate "2006.02.11"]

1. d4 e6 2. c4 Bb4+ 3. Bd2 a5 4. a3 Bxd2+ 5. Qxd2 f5 6. Nc3 Nf6 7. g3 Nc6 8.
Bg2 e5 9. Bxc6 dxc6 10. dxe5 Qxd2+ 11. Kxd2 Ng4 12. Nh3 Nxe5 13. b3 a4 14. f4
Ng4 15. Nxa4 Be6 16. Nc5 O-O-O+ 17. Kc3 Rhe8 18. Rae1 b6 19. Nd3 Kb8 20. Nhf2
Ne3 21. Ne5 Kb7 22. Nfd3 Ng4 23. Nxg4 fxg4 24. e4 c5 25. Nf2 Rd4 26. Rd1 Red8
27. Rxd4 cxd4+ 28. Kd3 h5 29. h3 gxh3 30. Nxh3 b5 31. Ng5 bxc4+ 32. bxc4 Bg4
33. Rb1+ Kc6 34. Nf7 Ra8 35. Ne5+ Kc5 36. Rb5+ Kd6 37. Nxg4 Rxa3+ 38. Kxd4 hxg4
39. Rg5 Rxg3 40. Rg6+ Ke7 41. Rxg7+ Kf6 42. Rxc7 Rf3 43. Rc6+ Kf7 44. f5 1-0

[Event "C.to Provinciale CO"]
[Site "Como ITA"]
[Date "2006.02.19"]
[Round "5"]
[White "Trifoni, Giorgio"]
[Black "Lancianese, Giuseppe"]
[Result "1/2-1/2"]
[WhiteElo "1688"]
[BlackElo "1751"]
[PlyCount "136"]
[EventDate "2006.02.11"]

1. Nf3 f5 2. b4 Nf6 3. Bb2 e6 4. a3 Be7 5. e3 d5 6. c4 c6 7. d4 O-O 8. Nbd2 Re8
9. Bd3 Nbd7 10. c5 Ne4 11. O-O Ndf6 12. Ne5 Nxd2 13. Qxd2 Ne4 14. Qd1 a6 15. a4
Bd7 16. f3 Ng5 17. Qe2 Nf7 18. Nxd7 Qxd7 19. b5 Bf6 20. bxa6 bxa6 21. Bxa6 e5
22. dxe5 Nxe5 23. Bxe5 Rxe5 24. Ra3 Qe7 25. Rc1 Rxe3 26. Rxe3 Bd4 27. Kf1 Qxe3
28. Qxe3 Bxe3 29. Bb7 Rxa4 30. Bxc6 Bxc1 31. Bxa4 Be3 32. c6 Bb6 33. Bb3 Kf8
34. Bxd5 Ke7 35. f4 Bc7 36. g3 Kf6 37. Ke2 g5 38. fxg5+ Kxg5 39. Kf3 h6 40. Be6
Bd6 41. h3 Kf6 42. Bd7 Kg5 43. h4+ Kf6 44. Be8 Bc7 45. Bd7 Bd6 46. g4 fxg4+ 47.
Kxg4 Bc7 48. h5 Ke5 49. Kf3 Kd4 50. Ke2 Ba5 51. Kf3 Bc7 52. Be8 Bd6 53. Bg6 Bc7
54. Ke2 Bd6 55. Kd2 Bc7 56. Bf7 Bd6 57. Kc2 Kc5 58. Be8 Kc4 59. Kb2 Kb4 60. Bg6
Kc5 61. Be4 Kb6 62. Kc3 Bf4 63. Kd4 Kc7 64. Kd5 Bc1 65. Bf5 Bg5 66. Bd7 Bc1 67.
Ke5 Bd2 68. Kf6 Bg5+ 1/2-1/2

[Event "C.to Provinciale CO"]
[Site "Como ITA"]
[Date "2006.02.19"]
[Round "6"]
[White "Crippa, Gabriele"]
[Black "Liscio, Giovanni"]
[Result "1-0"]
[WhiteElo "2082"]
[BlackElo "2009"]
[PlyCount "79"]
[EventDate "2006.02.11"]

1. d4 Nf6 2. Bg5 Ne4 3. Bf4 d5 4. e3 g6 5. Nd2 Nf6 6. Ngf3 Bg7 7. Be2 c6 8. Ne5
Nbd7 9. h4 h5 10. Bd3 Nxe5 11. Bxe5 Kf8 12. Qe2 Nd7 13. Bxg7+ Kxg7 14. Nf3 c5
15. c3 c4 16. Bc2 Qc7 17. Rd1 Nf6 18. Ne5 b5 19. a3 a5 20. Ra1 Be6 21. e4 b4
22. exd5 Bxd5 23. O-O Rab8 24. axb4 axb4 25. Qe3 Rb6 26. Qf4 Rhb8 27. Ra5 Qd6
28. Qg5 Nh7 29. Qg3 bxc3 30. bxc3 Nf8 31. Rc5 Rb2 32. Rc1 Ra2 33. Rxd5 Qxd5 34.
Nxg6 Nxg6 35. Qxb8 Nxh4 36. Qg3+ Ng6 37. Bxg6 fxg6 38. Re1 Qf7 39. Qh4 Qf6 40.
Rxe7+ 1-0

[Event "C.to Provinciale CO"]
[Site "Como ITA"]
[Date "2006.02.19"]
[Round "6"]
[White "Emoroso, Claudio"]
[Black "Cervini, Gian Piero"]
[Result "1/2-1/2"]
[WhiteElo "1823"]
[BlackElo "1955"]
[PlyCount "71"]
[EventDate "2006.02.11"]

1. e4 d6 2. d4 Nf6 3. Nc3 g6 4. Bg5 Bg7 5. Qd2 O-O 6. Bh6 c5 7. Bxg7 Kxg7 8.
dxc5 dxc5 9. O-O-O Qxd2+ 10. Rxd2 Nc6 11. g3 e5 12. Bh3 Bxh3 13. Nxh3 Rfd8 14.
Rhd1 Rxd2 15. Rxd2 Rd8 16. f3 Rxd2 17. Kxd2 Nd4 18. Ng1 b5 19. Nce2 Nd7 20.
Nxd4 cxd4 21. c3 dxc3+ 22. Kxc3 a5 23. a4 bxa4 24. Kc4 f5 25. exf5 gxf5 26. Kb5
e4 27. fxe4 fxe4 28. Kxa5 Nc5 29. Kb4 Nd3+ 30. Kxa4 Nxb2+ 31. Kb3 Nd3 32. Kc3
Kf6 33. Kd4 Kf5 34. h3 h6 35. Ke3 h5 36. g4+ 1/2-1/2

[Event "C.to Provinciale CO"]
[Site "Como ITA"]
[Date "2006.02.19"]
[Round "6"]
[White "Gagliardi, Christian"]
[Black "Rossi, Giampiero"]
[Result "1/2-1/2"]
[WhiteElo "2114"]
[BlackElo "2012"]
[PlyCount "90"]
[EventDate "2006.02.11"]

1. e4 c5 2. Nf3 e6 3. d4 cxd4 4. Nxd4 a6 5. Nc3 Qc7 6. Be2 Nf6 7. a3 Be7 8. Be3
d6 9. O-O Bd7 10. Qd2 Nc6 11. f4 O-O 12. Nb3 Rfc8 13. Bf3 Rab8 14. g4 Bf8 15.
g5 Ne8 16. Qf2 b5 17. f5 Ne5 18. Bh5 exf5 19. exf5 Bc6 20. Rad1 Ba8 21. Nd4 Qb7
22. Qg3 g6 23. Be2 Qd7 24. Na2 Nc4 25. Bc1 Qa7 26. c3 Ng7 27. Rf2 Ne5 28. f6
Ne6 29. h4 Bd5 30. Nxe6 Bxe6 31. Be3 Qb7 32. Nc1 Nc4 33. Bf3 Qc7 34. Bf4 Ne5
35. Be2 Bc4 36. Nd3 Nxd3 37. Bxd3 Bxd3 38. Rxd3 Re8 39. Rfd2 Rbd8 40. Rd5 Re6
41. Qf2 Rde8 42. Kg2 Qc6 43. Kg3 Qc7 44. Kg2 Qc6 45. Kg3 Qc7 1/2-1/2

[Event "C.to Provinciale CO"]
[Site "Como ITA"]
[Date "2006.02.19"]
[Round "6"]
[White "Ghelfi, Giancarlo"]
[Black "Pede, Lucio"]
[Result "0-1"]
[WhiteElo "1628"]
[BlackElo "1715"]
[PlyCount "74"]
[EventDate "2006.02.11"]

1. e4 e5 2. Nf3 Nc6 3. Bb5 a6 4. Ba4 b5 5. Bb3 Be7 6. O-O d6 7. c3 Be6 8. d4
Bxb3 9. Qxb3 Nf6 10. Re1 O-O 11. d5 Na5 12. Qd1 c5 13. b3 c4 14. b4 Nb7 15. Na3
Nd7 16. Be3 f5 17. exf5 Rxf5 18. Qe2 Qe8 19. Nc2 Qg6 20. Rad1 Rxf3 21. Qxf3
Qxc2 22. Qg4 Nf8 23. Bd4 Bf6 24. Rc1 Qg6 25. Qxg6 Nxg6 26. Bb6 Nf4 27. Re4 Nd3
28. Rc2 Nd8 29. Bc7 Nf7 30. g3 Ng5 31. Ree2 Nf7 32. Kg2 Rc8 33. Bb6 Nh6 34. h3
Nf5 35. Re4 Ne7 36. f4 Nxd5 37. f5 Nxb6 0-1

[Event "C.to Provinciale CO"]
[Site "Como ITA"]
[Date "2006.02.19"]
[Round "6"]
[White "Grassetto, Gilberto"]
[Black "Vulpis, Domenico"]
[Result "0-1"]
[WhiteElo "1760"]
[BlackElo "1897"]
[PlyCount "124"]
[EventDate "2006.02.11"]

1. d4 Nf6 2. c4 c5 3. d5 b5 4. cxb5 a6 5. bxa6 Bxa6 6. Nc3 d6 7. g3 g6 8. Bg2
Bg7 9. Nf3 O-O 10. O-O Nbd7 11. Re1 Qa5 12. h3 Rfb8 13. Qc2 Ne8 14. Bd2 Qb6 15.
b3 Ne5 16. Reb1 Bc8 17. Na4 Qc7 18. Bc3 Nxf3+ 19. Bxf3 Bd7 20. Bxg7 Nxg7 21.
Nc3 Qc8 22. g4 f5 23. g5 f4 24. e4 Bxh3 25. Qe2 Qa6 26. Qxa6 Rxa6 27. Be2 Ra7
28. f3 Rb4 29. Kf2 Nh5 30. Bc4 Ng3 31. Rb2 Bd7 32. Re1 Ra3 33. e5 Rxc4 34. bxc4
Rxc3 35. exd6 exd6 36. Re7 Bf5 37. Rd2 Rc2 38. Rxc2 Bxc2 39. Re6 Nf5 40. Re8+
Kf7 41. Ra8 Bd3 42. Ra7+ Kg8 43. a4 Bxc4 44. a5 Bxd5 45. a6 c4 46. Rb7 c3 47.
Rc7 Ne3 48. a7 c2 49. Ke2 Kf8 50. Kd2 Bxf3 51. Rd7 Bc6 52. Rxh7 f3 53. Rc7 Nc4+
54. Kxc2 Be4+ 55. Kd1 Nb6 56. Ke1 Ke8 57. Kf2 Kd8 58. Rg7 Kc8 59. Re7 d5 60.
Ke3 Na8 61. Kd4 f2 62. Rf7 Bf5 0-1

[Event "C.to Provinciale CO"]
[Site "Como ITA"]
[Date "2006.02.19"]
[Round "6"]
[White "Lancianese, Giuseppe"]
[Black "Corti, Filippo"]
[Result "1/2-1/2"]
[WhiteElo "1751"]
[BlackElo "1634"]
[PlyCount "91"]
[EventDate "2006.02.11"]

1. b3 Nf6 2. Bb2 d6 3. d4 Bf5 4. Nf3 Nbd7 5. e3 e6 6. Be2 d5 7. Nbd2 Bd6 8. c4
c6 9. O-O Qc7 10. c5 Be7 11. Re1 O-O 12. Nh4 Bg6 13. Nxg6 fxg6 14. f4 b6 15.
cxb6 axb6 16. g3 c5 17. Bd3 Bd6 18. e4 dxe4 19. Bc4 Nd5 20. Nxe4 Be7 21. dxc5
Nxc5 22. Bxd5 exd5 23. Qxd5+ Kh8 24. Qd4 Rg8 25. Kh1 Qb7 26. h4 Rad8 27. Qc4
Nd3 28. Re2 Nxb2 29. Rxb2 Bf6 30. Rab1 Bxb2 31. Rxb2 Rge8 32. Re2 Qd5 33. Qxd5
Rxd5 34. Nc3 Rxe2 35. Nxd5 Rxa2 36. Nxb6 Rb2 37. Nc4 Rxb3 38. Kh2 Kg8 39. Ne5
Kf8 40. Kh3 Ke7 41. Nc6+ Kf6 42. Kg4 h5+ 43. Kh3 Rb5 44. Nd4 Rd5 45. Nf3 Kf5
46. Ng5 1/2-1/2

[Event "C.to Provinciale CO"]
[Site "Como ITA"]
[Date "2006.02.19"]
[Round "6"]
[White "Luppi, Dario"]
[Black "Trifoni, Giorgio"]
[Result "1-0"]
[WhiteElo "1727"]
[BlackElo "1688"]
[PlyCount "45"]
[EventDate "2006.02.11"]

1. d4 Nf6 2. Bf4 c5 3. e3 cxd4 4. exd4 e6 5. c3 b6 6. Nf3 Bb7 7. Nbd2 Be7 8. h3
O-O 9. Bd3 Qc8 10. Qc2 Ba6 11. g4 Bxd3 12. Qxd3 d6 13. Ng5 h6 14. h4 Nbd7 15.
Nge4 Nxg4 16. Qg3 e5 17. Qxg4 exf4 18. Rg1 g6 19. Qxf4 Kg7 20. O-O-O d5 21. Nd6
Qb8 22. Nf5+ Kh7 23. Qxh6+ 1-0

[Event "C.to Provinciale CO"]
[Site "Como ITA"]
[Date "2006.02.19"]
[Round "6"]
[White "Mason, Giovanni"]
[Black "Cacia, Vincenzo"]
[Result "1/2-1/2"]
[WhiteElo "1541"]
[BlackElo "1434"]
[PlyCount "83"]
[EventDate "2006.02.11"]

1. e4 e5 2. Nf3 Nc6 3. a3 a6 4. Nc3 Bc5 5. Bc4 d6 6. b4 Ba7 7. d3 Nge7 8. O-O
O-O 9. h3 h6 10. Bd2 Kh8 11. Qc1 Kh7 12. Ne2 f6 13. c3 b5 14. Bb3 d5 15. Rd1 a5
16. c4 bxc4 17. dxc4 d4 18. b5 Nb8 19. Ng3 c6 20. a4 Qb6 21. Ne1 Nd7 22. Nd3
Bb7 23. Qa3 c5 24. f3 Qd8 25. Rf1 Bb6 26. Rae1 Qc7 27. Bc2 Rae8 28. Qc1 g5 29.
Qd1 Ng6 30. Nf5 Ba7 31. g3 Ne7 32. Nf2 Nxf5 33. exf5 Nb6 34. Ne4 Nc8 35. Bd3
Bb6 36. Re2 Kg7 37. Rh2 Rh8 38. h4 Ref8 39. Kg2 Ba7 40. g4 Nd6 41. h5 Nxe4 42.
fxe4 1/2-1/2

[Event "C.to Provinciale CO"]
[Site "Como ITA"]
[Date "2006.02.19"]
[Round "6"]
[White "Revinelli, Sergio"]
[Black "Zuccoli, Maurizio"]
[Result "1/2-1/2"]
[WhiteElo "1841"]
[BlackElo "1721"]
[PlyCount "55"]
[EventDate "2006.02.11"]

1. e4 c5 2. Nf3 d6 3. d4 cxd4 4. Nxd4 Nf6 5. Nc3 a6 6. Be2 Qc7 7. a4 e5 8. Nb3
Be6 9. O-O Be7 10. Kh1 O-O 11. f4 Rd8 12. a5 Bc4 13. Be3 Nbd7 14. Ra4 Bxe2 15.
Qxe2 Rac8 16. f5 Nc5 17. Rc4 Qb8 18. g4 h6 19. g5 hxg5 20. Bxg5 d5 21. exd5
Nxb3 22. cxb3 Nxd5 23. Bxe7 Nxe7 24. f6 Ng6 25. fxg7 Rxc4 26. Qxc4 Rd7 27. Qg4
Qd8 28. Ne4 1/2-1/2

[Event "C.to Provinciale KR 2006"]
[Site "Cutro ITA"]
[Date "2006.02.03"]
[Round "1"]
[White "Carrozza, Gregorio"]
[Black "Spasari, Stefano"]
[Result "1-0"]
[WhiteElo "1619"]
[BlackElo "1437"]
[PlyCount "89"]
[EventDate "2006.02.03"]

1. c4 c5 2. Nf3 d6 3. Nc3 Nc6 4. g3 Nf6 5. Bg2 e5 6. O-O Be7 7. d3 h6 8. a3 a5
9. Qc2 O-O 10. e4 Nd4 11. Nxd4 cxd4 12. Nd5 Be6 13. Bd2 b6 14. b4 Rc8 15. bxa5
bxa5 16. Rab1 Nxd5 17. exd5 Bf5 18. a4 Re8 19. Rb5 Ra8 20. Rfb1 Qc7 21. Rb7 Qc5
22. h3 h5 23. Bf3 g6 24. g4 hxg4 25. Bxg4 Bxg4 26. hxg4 g5 27. Kg2 Kg7 28. R1b5
Qc8 29. Qd1 f5 30. f3 e4 31. Bxg5 Kf7 32. dxe4 fxg4 33. Qxd4 gxf3+ 34. Kf2 Kg6
35. Bxe7 Qg4 36. Qf6+ Kh5 37. Qf5+ Qxf5 38. exf5 Rac8 39. f6 Rxc4 40. f7 Kg4
41. Rb2 Rh8 42. Bxd6 Rhc8 43. Rc7 R8xc7 44. Bxc7 Rxc7 45. f8=Q 1-0

[Event "C.to Provinciale KR 2006"]
[Site "Cutro ITA"]
[Date "2006.02.03"]
[Round "1"]
[White "Levato, Biagio"]
[Black "Liistro, Giovanni Carlo"]
[Result "0-1"]
[WhiteElo "1522"]
[BlackElo "1784"]
[PlyCount "88"]
[EventDate "2006.02.03"]

1. Nf3 Nf6 2. g3 g6 3. Bg2 Bg7 4. O-O O-O 5. d3 d6 6. Nbd2 e5 7. e4 Nc6 8. c3
Re8 9. Re1 Bd7 10. a4 Qe7 11. Nb3 Rad8 12. d4 Bc8 13. d5 Nb8 14. c4 Nbd7 15.
Qc2 b6 16. Bd2 Nc5 17. a5 Bg4 18. Nxc5 bxc5 19. b4 cxb4 20. Bxb4 Rb8 21. Qc3
Nd7 22. Nd2 Nc5 23. Nb3 a6 24. Nxc5 dxc5 25. Ba3 Rb7 26. Rab1 Reb8 27. Rxb7
Rxb7 28. Qe3 Bf8 29. f4 f6 30. h3 Bd7 31. g4 exf4 32. Qxf4 Rb3 33. Re3 Rb1+ 34.
Kf2 Ra1 35. Qg3 Qd6 36. e5 fxe5 37. Re2 Qf6+ 38. Bf3 Rxa3 39. Kg2 Bd6 40. Qf2
Be8 41. Rb2 Kg7 42. h4 Qf4 43. Rc2 e4 44. Be2 Qh2+ 0-1

[Event "C.to Provinciale KR 2006"]
[Site "Cutro ITA"]
[Date "2006.02.03"]
[Round "1"]
[White "Olivo, Ilaria"]
[Black "Olivo, Paolo"]
[Result "1/2-1/2"]
[WhiteElo "1377"]
[BlackElo "1604"]
[PlyCount "44"]
[EventDate "2006.02.03"]

1. e4 c5 2. Nf3 d6 3. d4 cxd4 4. Nxd4 Nf6 5. Nc3 a6 6. Bg5 e6 7. f4 Be7 8. Qf3
Qc7 9. O-O-O b5 10. a3 O-O 11. Bd3 Bb7 12. Qg3 Nbd7 13. f5 e5 14. Nf3 Nc5 15.
Bxf6 Bxf6 16. Kb1 Rac8 17. h4 h6 18. Qh3 Nxd3 19. cxd3 Rfd8 20. g4 d5 21. g5
Be7 22. gxh6 gxh6 1/2-1/2

[Event "C.to Provinciale KR 2006"]
[Site "Cutro ITA"]
[Date "2006.02.03"]
[Round "1"]
[White "Zavaglia, Giuseppe"]
[Black "Paragliola, Gennaro"]
[Result "1-0"]
[WhiteElo "1787"]
[BlackElo "1544"]
[PlyCount "115"]
[EventDate "2006.02.03"]

1. Nf3 Nf6 2. c4 b6 3. g3 Bb7 4. Bg2 e6 5. O-O g6 6. Nc3 Bg7 7. d4 O-O 8. Qc2
Nc6 9. a3 Ne7 10. Bf4 d5 11. Ne5 Rb8 12. Rfd1 Nh5 13. Bc1 dxc4 14. Bxb7 Rxb7
15. g4 Nf6 16. e4 c6 17. Bf4 Qc8 18. Rac1 b5 19. b3 cxb3 20. Qxb3 Rd8 21. Qb4
Qa8 22. Qa5 Nd7 23. Ne2 Rb6 24. Nd3 Qb7 25. Nc5 Qc8 26. Qxa7 Nxc5 27. Qxb6 Nxe4
28. f3 Nf6 29. Qc5 Qd7 30. Be5 Nfd5 31. Bxg7 Kxg7 32. Kf2 Qc7 33. Ng3 Qf4 34.
Nf1 h5 35. Qc2 hxg4 36. Qe4 Qxe4 37. fxe4 Nf6 38. Ke3 Ra8 39. Rd3 Nh5 40. Ng3
f5 41. Nxh5+ gxh5 42. Kf4 fxe4 43. Kxe4 Rc8 44. Ke5 Kf7 45. Rf1+ Nf5 46. Rc1
Ke7 47. d5 Ng7 48. dxc6 Rc7 49. Rb3 h4 50. Rxb5 g3 51. hxg3 hxg3 52. Rbc5 Nf5
53. Rg1 Ra7 54. c7 Rxa3 55. c8=Q Re3+ 56. Kf4 Re2 57. Rc7+ Kf6 58. Qf8+ 1-0

[Event "C.to Provinciale KR 2006"]
[Site "Cutro ITA"]
[Date "2006.02.04"]
[Round "2"]
[White "Baffa, Pietro"]
[Black "Scalise, Sandro"]
[Result "0-1"]
[WhiteElo "1727"]
[BlackElo "1592"]
[PlyCount "90"]
[EventDate "2006.02.03"]

1. d4 Nf6 2. c4 g6 3. Nf3 d5 4. e3 Bg7 5. Nc3 O-O 6. Bd3 Bg4 7. h3 dxc4 8. Bxc4
Bf5 9. g4 Bd7 10. Qb3 e6 11. Ne5 Qc8 12. g5 Nh5 13. Nxd7 Nxd7 14. Be2 Nb6 15.
Bxh5 gxh5 16. Ne4 Nd5 17. Rg1 b6 18. Qd1 f5 19. gxf6 Nxf6 20. Nxf6+ Rxf6 21.
Qxh5 Qe8 22. Qg5 Rg6 23. Bd2 Rxg5 24. Rxg5 Qc6 25. Rc1 Qd5 26. Ke2 Kh8 27. Rcg1
Bf6 28. R5g4 e5 29. Bc3 exd4 30. Bxd4 Bxd4 31. Rxd4 Qe6 32. b3 Rg8 33. Rh1 c5
34. Rf4 Qd5 35. Rd1 Qe5 36. Kf3 Qe8 37. Rh4 Qe7 38. Rf4 Qe5 39. Rh4 Qf5+ 40.
Ke2 Rg2 41. Rd8+ Kg7 42. Rf4 Qh5+ 43. Rf3 Rg6 44. Rd7+ Kh6 45. Rxa7 Rf6 0-1

[Event "C.to Provinciale KR 2006"]
[Site "Cutro ITA"]
[Date "2006.02.04"]
[Round "2"]
[White "Cordi', Domenico"]
[Black "Carrozza, Gregorio"]
[Result "1-0"]
[WhiteElo "2065"]
[BlackElo "1619"]
[PlyCount "29"]
[EventDate "2006.02.03"]

1. e4 e5 2. Nf3 Nf6 3. d4 d5 4. exd5 e4 5. Ne5 Bd6 6. Nc3 O-O 7. Be2 a6 8. O-O
b5 9. Bg5 h6 10. Bxf6 Qxf6 11. Nxe4 Qe7 12. Nxd6 cxd6 13. Nc6 Qg5 14. Qd3 Qxd5
15. Ne7+ 1-0

[Event "C.to Provinciale KR 2006"]
[Site "Cutro ITA"]
[Date "2006.02.04"]
[Round "2"]
[White "Liistro, Giovanni Carlo"]
[Black "Di Mauro, Sebastiano"]
[Result "0-1"]
[WhiteElo "1784"]
[BlackElo "1775"]
[PlyCount "60"]
[EventDate "2006.02.03"]

1. e4 e6 2. d4 d5 3. Nd2 c5 4. exd5 exd5 5. Ngf3 Nf6 6. Bb5+ Bd7 7. Bxd7+ Nbxd7
8. O-O Be7 9. Re1 O-O 10. dxc5 Nxc5 11. Nb3 Nce4 12. h3 Qc7 13. Be3 Rac8 14. c3
Rfd8 15. Qe2 a6 16. Red1 Bd6 17. Rd4 Bf4 18. Bxf4 Qxf4 19. Rad1 Re8 20. Qd3 Qc7
21. Nbd2 Qb6 22. Qb1 h6 23. Nf1 Rc5 24. Ne3 Rb5 25. Rb4 Rxb4 26. cxb4 Qxb4 27.
Nxd5 Nxd5 28. Rxd5 Nc3 29. a3 Qb6 30. Rd6 Ne2+ 0-1

[Event "C.to Provinciale KR 2006"]
[Site "Cutro ITA"]
[Date "2006.02.04"]
[Round "2"]
[White "Mercurio, Rosario"]
[Black "Olivo, Ilaria"]
[Result "1-0"]
[WhiteElo "1303"]
[BlackElo "1377"]
[PlyCount "55"]
[EventDate "2006.02.03"]

1. Nf3 Nf6 2. g3 g6 3. Bg2 d5 4. d3 Bg7 5. Nbd2 Nc6 6. c3 e5 7. O-O O-O 8. Re1
Re8 9. Nf1 Bg4 10. h3 Bxf3 11. Bxf3 Qd7 12. Bg2 Rad8 13. Nh2 h5 14. Nf3 Qf5 15.
Ng5 e4 16. Qb3 b6 17. dxe4 dxe4 18. Nxf7 Kh7 19. Ng5+ Kh8 20. h4 Rd7 21. Bf4
Nh7 22. Bh3 Qf6 23. Bxd7 Re7 24. Nxh7 Kxh7 25. Bg5 Na5 26. Qd1 Qf7 27. Bxe7
Qxe7 28. Qd5 1-0

[Event "C.to Provinciale KR 2006"]
[Site "Cutro ITA"]
[Date "2006.02.04"]
[Round "2"]
[White "Olivo, Paolo"]
[Black "Virelli, Salvatore"]
[Result "1/2-1/2"]
[WhiteElo "1604"]
[BlackElo "1545"]
[PlyCount "45"]
[EventDate "2006.02.03"]

1. e4 c5 2. Nf3 d6 3. d4 cxd4 4. Nxd4 Nf6 5. Nc3 e6 6. Bg5 Be7 7. f4 h6 8. Bh4
e5 9. Ndb5 a6 10. Bxf6 gxf6 11. Nxd6+ Qxd6 12. Qxd6 Bxd6 13. f5 Bb4 14. a3
Bxc3+ 15. bxc3 b5 16. c4 bxc4 17. Bxc4 Rg8 18. O-O Nd7 19. Rad1 Bb7 20. Bd5
Bxd5 21. exd5 Rc8 22. Rc1 Rc3 23. Rf3 1/2-1/2

[Event "C.to Provinciale KR 2006"]
[Site "Cutro ITA"]
[Date "2006.02.04"]
[Round "2"]
[White "Paragliola, Gennaro"]
[Black "Levato, Biagio"]
[Result "0-1"]
[WhiteElo "1544"]
[BlackElo "1522"]
[PlyCount "106"]
[EventDate "2006.02.03"]

1. d4 Nf6 2. c4 e6 3. a3 b6 4. Bg5 d6 5. Nf3 Nbd7 6. Nc3 Be7 7. Qc2 Bb7 8. e3
O-O 9. Bd3 h6 10. Bh4 Ne8 11. Bxe7 Qxe7 12. e4 c5 13. d5 exd5 14. cxd5 a6 15.
O-O Nc7 16. Rfe1 Rac8 17. b3 b5 18. Qb2 Rfe8 19. Ne2 Ne5 20. Nxe5 Qxe5 21. Qxe5
Rxe5 22. Ng3 Rce8 23. f4 R5e7 24. Nf5 Rd7 25. Re3 g6 26. Nxh6+ Kg7 27. Rh3 Rh8
28. Ng4 Rxh3 29. gxh3 Re7 30. Kf2 Bc8 31. Rg1 Kf8 32. h4 c4 33. bxc4 bxc4 34.
Bc2 Nb5 35. a4 Nd4 36. Ne3 Nxc2 37. Nxc2 Rxe4 38. Kf3 Bf5 39. Rc1 a5 40. Ne3
Rd4 41. Nxf5 gxf5 42. Rc3 Ke7 43. Rc2 Kf6 44. Rc3 Kg6 45. Ke3 Re4+ 46. Kf3 Kh5
47. Kg3 Rd4 48. Re3 Rxd5 49. Re8 Rd3+ 50. Kf2 Kxh4 51. Rh8+ Kg4 52. h4 c3 53.
h5 c2 0-1

[Event "C.to Provinciale KR 2006"]
[Site "Cutro ITA"]
[Date "2006.02.04"]
[Round "2"]
[White "Rizzuti, Pasquale"]
[Black "Zavaglia, Giuseppe"]
[Result "0-1"]
[WhiteElo "1865"]
[BlackElo "1787"]
[PlyCount "54"]
[EventDate "2006.02.03"]

1. Nf3 Nf6 2. g3 b6 3. Bg2 Bb7 4. O-O e6 5. c4 Be7 6. Nc3 O-O 7. d4 d5 8. Ne5
c6 9. b3 Nbd7 10. f4 Rc8 11. a4 Bb4 12. Qd3 Ba6 13. Ba3 Qe7 14. Nxd7 Nxd7 15.
Bxb4 Qxb4 16. Na2 Qe7 17. Qd2 Rfd8 18. Nb4 Bb7 19. a5 c5 20. a6 Ba8 21. Nc2
dxc4 22. bxc4 cxd4 23. Bxa8 Rxa8 24. Nxd4 Rac8 25. Rfc1 Nc5 26. Rd1 Nb3 27. Nc6
Qc5+ 0-1

[Event "C.to Provinciale KR 2006"]
[Site "Cutro ITA"]
[Date "2006.02.04"]
[Round "3"]
[White "Di Mauro, Sebastiano"]
[Black "Cordi', Domenico"]
[Result "0-1"]
[WhiteElo "1775"]
[BlackElo "2065"]
[PlyCount "64"]
[EventDate "2006.02.03"]

1. e4 c5 2. Nc3 d6 3. g3 Nf6 4. Bg2 Nc6 5. d3 e6 6. f4 Be7 7. Nf3 O-O 8. O-O a6
9. h3 Qc7 10. Be3 b5 11. a3 Bb7 12. Qe2 d5 13. e5 Nh5 14. Bf2 g6 15. Kh2 Rad8
16. Nd2 Nd4 17. Qd1 f6 18. exf6 Bxf6 19. Nf3 e5 20. f5 e4 21. Nxd4 Bxd4 22. Be1
Be5 23. Qg4 Bc8 24. dxe4 dxe4 25. Bxe4 Nf6 26. Qf3 Nxe4 27. Qxe4 Bb7 28. Qe3
Qc6 29. Qe2 Rxf5 30. Rg1 Bd4 31. Rg2 Re8 32. Qd2 Rf2 0-1

[Event "C.to Provinciale KR 2006"]
[Site "Cutro ITA"]
[Date "2006.02.04"]
[Round "3"]
[White "Guzzo, Giovanni"]
[Black "Scalise, Sandro"]
[Result "1/2-1/2"]
[WhiteElo "1807"]
[BlackElo "1592"]
[PlyCount "62"]
[EventDate "2006.02.03"]

1. Nf3 Nf6 2. g3 g6 3. Bg2 Bg7 4. O-O O-O 5. d3 c5 6. Nbd2 Nc6 7. c3 d6 8. Qc2
Bd7 9. b3 Rc8 10. Bb2 Qc7 11. Rac1 b5 12. e4 Rfd8 13. Rfe1 Qb6 14. a3 e6 15. e5
Nxe5 16. Nxe5 dxe5 17. Rxe5 Bc6 18. Re2 Bxg2 19. Kxg2 Qc6+ 20. Kg1 Qd5 21. c4
bxc4 22. dxc4 Qh5 23. Nf1 Qf3 24. Re3 Qb7 25. Rd1 Ng4 26. Red3 Rxd3 27. Rxd3
Bxb2 28. Qxb2 Qe4 29. Qd2 Ne5 30. Rd8+ Rxd8 31. Qxd8+ Kg7 1/2-1/2